000 00773nam a2200289Ia 4500
005 20260324123120.0
008 008 260324s9999 xx 000 0 eng d
020 _a9780203836057
037 _aEBOOK
040 _aCRL
040 _beng
040 _cCRL
041 _2eng
041 _aeng
084 _qCRL
100 _aMichael Grenfell; David Bloome; Kate Pahl; Jennifer Rowsell; Brian V Street; Cheryl Hardy
_91169082
245 0 _aLanguage, Ethnography, and Education
245 0 _bBridging New Literacy Studies and Bourdieu
260 _bTaylor and Francis
260 _c2012
365 _a
365 _b255
856 _uhttp://www.taylorfrancis.com/books/9780203836057
942 _cEBOOK
999 _c1762320
_d1762320